[Event "Roquetas de Mar op 34th"]
[Site "Roquetas de Mar"]
[Date "2023.01.04"]
[Round "2"]
[White "Szpar, Milosz"]
[Black "Rodriguez Melendez, Juan Humbert"]
[Result "1-0"]
[WhiteElo "2428"]
[BlackElo "2146"]
[PlyCount "89"]
[EventDate "2023.01.03"]
[EventType "swiss"]
[EventRounds "9"]
[EventCountry "ESP"]
[SourceTitle "CBM 212 Extra"]
[Source "ChessBase"]
[SourceDate "2023.03.31"]
[SourceVersion "1"]
[SourceVersionDate "2023.03.31"]
[SourceQuality "1"]

1. e4 c5 2. Nf3 e6 3. d4 cxd4 4. Nxd4 Nc6 5. Nc3 Qc7 6. Qd3 Nf6 7. Ndb5 Qb8 8. Qg3 d6 9. Be3 a6 10. Nd4 Bd7 11. f4 Qc7 12. Bd3 b5 13. 0-0 b4 14. Nce2 h5 15. Nf3 Ng4 16. Bd2 e5 17. Kh1 Be7 18. f5 Kf8 19. Ng5 Nf6 20. a3 Qb7 21. b3 a5 22. Bc4 Be8 23. a4 Nb8 24. Qh4 Nbd7 25. Rae1 Rc8 26. Ng3 Nb6 27. Bd3 Qc7 28. Ne2 Kg8 29. Nf3 Bc6 30. Bg5 Nbd7 31. Ng3 Qb7 32. Nd2 Nc5 33. Nc4 Ra8 34. Re3 Ncd7 35. Be2 Nb6 36. Nxd6 Bxd6 37. Bxf6 gxf6 38. Nxh5 Rxh5 39. Bxh5 Nd7 40. Rd1 Bc5 41. Rxd7 Qxd7 42. Rg3+ Kf8 43. Qxf6 Ra7 44. Qh8+ Ke7 45. Qxe5+ 1-0

[Event "Benidorm op-A"]
[Site "Benidorm"]
[Date "2022.12.03"]
[Round "1"]
[White "Saydaliev, Saidakbar"]
[Black "Rodriguez Melendez, Juan Humbert"]
[Result "1-0"]
[WhiteElo "2419"]
[BlackElo "2149"]
[PlyCount "129"]
[EventDate "2022.12.03"]
[EventType "swiss"]
[EventRounds "9"]
[EventCountry "ESP"]
[SourceTitle "CBM 211 Extra"]
[Source "ChessBase"]
[SourceDate "2023.01.31"]
[SourceVersion "1"]
[SourceVersionDate "2023.01.31"]
[SourceQuality "1"]

1. e4 c5 2. Nf3 e6 3. d4 cxd4 4. Nxd4 Nc6 5. Bf4 d6 6. Nxc6 bxc6 7. c4 e5 8. Be3 Nf6 9. Nc3 Be7 10. Be2 0-0 11. 0-0 Be6 12. Qa4 Qd7 13. Rfd1 Rfd8 14. Bf3 Bg4 15. Bxg4 Nxg4 16. Bc5 Qe6 17. Ba3 Rdc8 18. Rd3 f5 19. Rad1 c5 20. f3 Nf6 21. exf5 Qxf5 22. Qc2 Bf8 23. Qe2 Re8 24. Nd5 Nxd5 25. Rxd5 Re6 26. b4 cxb4 27. Bxb4 Qg6 28. Qd2 e4 29. fxe4 Qxe4 30. Rd4 Qc6 31. Bxd6 Bxd6 32. Rxd6 Rxd6 33. Qxd6 Qxc4 34. Qd5+ Qxd5 35. Rxd5 Kf7 36. Rd7+ Kf6 37. Rd6+ Ke7 38. Ra6 Kd7 39. h4 Kc7 40. Kf2 Rf8+ 41. Ke3 Kb7 42. Re6 Rf7 43. g3 Kc7 44. Kd4 Kd7 45. Ra6 Ke8 46. Ra3 Rc7 47. Kd5 Ke7 48. Ra6 Rd7+ 49. Ke5 Rc7 50. g4 Rc5+ 51. Kd4 Rc7 52. h5 h6 53. a4 Rb7 54. Kc5 Rc7+ 55. Kb5 Kf7 56. Rd6 Ke7 57. Rg6 Kf7 58. a5 Kf8 59. Rc6 Re7 60. Ka6 Re4 61. Kxa7 Rxg4 62. Kb7 g6 63. Rxg6 Rb4+ 64. Rb6 Ra4 65. a6 1-0

[Event "Collado Villalba Grupo Gallinero op 1st"]
[Site "Collado Villalba"]
[Date "2022.08.17"]
[Round "9"]
[White "Rodriguez Melendez, Juan Humbert"]
[Black "Neagu, Roberto Florin"]
[Result "1/2-1/2"]
[WhiteElo "2152"]
[BlackElo "2019"]
[PlyCount "64"]
[EventDate "2022.08.12"]
[EventType "swiss"]
[EventRounds "9"]
[EventCountry "ESP"]
[SourceTitle "CBM 210 Extra"]
[Source "ChessBase"]
[SourceDate "2022.11.30"]
[SourceVersion "1"]
[SourceVersionDate "2022.11.30"]
[SourceQuality "1"]

1. d4 Nf6 2. c4 e6 3. g3 c5 4. d5 exd5 5. cxd5 d6 6. Bg2 g6 7. Nc3 Bg7 8. Nf3 0-0 9. 0-0 Re8 10. Bf4 a6 11. a4 Ne4 12. Nxe4 Rxe4 13. Nd2 Rxf4 14. gxf4 Bxb2 15. Rb1 Bg7 16. e3 b5 17. axb5 axb5 18. Rxb5 Ba6 19. Qb3 Bxb5 20. Qxb5 Na6 21. Nc4 Nb4 22. Qb6 Qxb6 23. Nxb6 Ra6 24. Nc4 Kf8 25. Rd1 Ke7 26. Bh3 f5 27. Bf1 Ra2 28. Kg2 Kd7 29. Kg3 Kc7 30. f3 Rc2 31. Na3 Rb2 32. Nc4 Rc2 1/2-1/2

[Event "Madrid-ch sf"]
[Site "Madrid"]
[Date "2022.05.10"]
[Round "7"]
[White "Tenorio Garcia, Joel"]
[Black "Rodriguez Melendez, Juan Humbert"]
[Result "1/2-1/2"]
[WhiteElo "2027"]
[BlackElo "2098"]
[PlyCount "94"]
[EventDate "2022.05.04"]
[EventType "swiss"]
[EventRounds "9"]
[EventCountry "ESP"]
[SourceTitle "EXT 2023"]
[Source "ChessBase"]
[SourceDate "2022.10.05"]
[SourceVersion "1"]
[SourceVersionDate "2022.10.05"]
[SourceQuality "1"]

1. e4 c5 2. Nf3 d6 3. d4 cxd4 4. Nxd4 Nf6 5. Nc3 a6 6. Bc4 e6 7. Bb3 b5 8. 0-0 Be7 9. Qf3 Qb6 10. Be3 Qb7 11. Qg3 0-0 12. Bh6 Ne8 13. Rad1 Nc6 14. Bg5 Bxg5 15. Qxg5 Nf6 16. Nxc6 Qxc6 17. Rd3 Nxe4 18. Nxe4 Qxe4 19. Rxd6 Bb7 20. f3 Qb4 21. Rfd1 Bd5 22. Qe5 Bxb3 23. axb3 Rac8 24. R6d4 Qa5 25. Rg4 g6 26. c4 Qb4 27. Qc3 Qe7 28. Rgd4 Rc7 29. Qd3 Qc5 30. Kh1 Rcc8 31. h3 Qe5 32. Qd2 Rb8 33. Re1 Qc7 34. Rd1 Qb6 35. Rd6 Qc5 36. Rd4 bxc4 37. bxc4 Rb4 38. Qc3 a5 39. Rd8 Rb8 40. R8d4 a4 41. Rd7 Qb4 42. Qc2 Rbc8 43. R7d4 e5 44. Re4 Rc5 45. Ra1 Ra5 46. c5 Qxc5 47. Qxc5 Rxc5 1/2-1/2

[Event "La Roda op 47th"]
[Site "La Roda"]
[Date "2021.12.05"]
[Round "4"]
[White "Rodriguez Melendez, Juan Humbert"]
[Black "Larino Nieto, David"]
[Result "0-1"]
[WhiteElo "2149"]
[BlackElo "2454"]
[PlyCount "98"]
[EventDate "2021.12.04"]
[EventType "swiss"]
[EventRounds "9"]
[EventCountry "ESP"]
[SourceTitle "CBM 205 Extra"]
[Source "ChessBase"]
[SourceDate "2022.01.31"]
[SourceVersion "1"]
[SourceVersionDate "2022.01.31"]
[SourceQuality "1"]

1. d4 d6 2. e4 Nd7 3. Nc3 e6 4. Be3 a6 5. a4 Ngf6 6. f3 c5 7. Nge2 Qa5 8. Nc1 cxd4 9. Nb3 Qc7 10. Qxd4 Nc5 11. Be2 Be7 12. 0-0 0-0 13. a5 Bd7 14. Nxc5 dxc5 15. Qc4 Rac8 16. Kh1 Rfd8 17. f4 e5 18. fxe5 Qxe5 19. Bf4 Qe6 20. e5 Ne8 21. Nd5 Bb5 22. Nxe7+ Qxe7 23. Qe4 Bxe2 24. Qxe2 Nc7 25. Ra3 Ne6 26. Re3 Rd4 27. Re4 Rcd8 28. c3 Nxf4 29. Rfxf4 Rd2 30. Qc4 Rxb2 31. Rf1 Qe6 32. h3 Rdd2 33. Qxe6 fxe6 34. Rg4 Re2 35. Rd1 Rbd2 36. Rb1 Rd7 37. Rf1 Rxe5 38. Rgf4 h5 39. Rf8+ Kh7 40. Rc8 h4 41. c4 Kg6 42. Rb1 Rd4 43. Rc1 Rd2 44. Rc7 Rb2 45. Rf1 Rg5 46. Re7 Rgxg2 47. Rxe6+ Kh7 48. Rh6+ Kxh6 49. Rf6+ Rg6 0-1

[Event "Lorca op 8th"]
[Site "Lorca"]
[Date "2019.12.30"]
[Round "8"]
[White "Rodriguez Melendez, Juan Humbert"]
[Black "Holm, Kristian Stuvik"]
[Result "0-1"]
[WhiteElo "2242"]
[BlackElo "2489"]
[PlyCount "86"]
[EventDate "2019.12.26"]
[EventType "swiss"]
[EventRounds "9"]
[EventCountry "ESP"]
[SourceTitle "CBM 194 Extra"]
[Source "ChessBase"]
[SourceDate "2020.03.31"]
[SourceVersion "1"]
[SourceVersionDate "2020.03.31"]
[SourceQuality "1"]

1. e4 c5 2. Nf3 Nc6 3. d4 cxd4 4. Nxd4 e6 5. Nc3 Qc7 6. Be3 a6 7. a3 Nf6 8. Be2 Be7 9. 0-0 0-0 10. f4 d6 11. Kh1 Bd7 12. Qe1 Nxd4 13. Bxd4 Bc6 14. Bd3 g6 15. e5 Nd7 16. Ne4 dxe5 17. fxe5 Nxe5 18. Nf6+ Bxf6 19. Rxf6 Nxd3 20. cxd3 Qd6 21. Qf2 Rfd8 22. Bc3 Rd7 23. Rf1 Qd5 24. Qg3 Rf8 25. R1f2 e5 26. Bxe5 Qxd3 27. h3 Qxg3 28. Bxg3 Re8 29. Kh2 Re4 30. Bd6 Re6 31. Bb4 Rxf6 32. Rxf6 Rd3 33. Rd6 Re3 34. Bc3 f5 35. Kg1 f4 36. Rf6 g5 37. h4 Rg3 38. hxg5 f3 39. Rf5 Rxg2+ 40. Kf1 Bb5+ 41. Ke1 Re2+ 42. Kd1 Ba4+ 43. Kc1 f2 0-1

[Event "Madrid-ch final"]
[Site "Madrid"]
[Date "2019.05.30"]
[Round "6"]
[White "Bello Burguet, Glenier Lazaro"]
[Black "Rodriguez Melendez, Juan Humbert"]
[Result "0-1"]
[WhiteElo "1961"]
[BlackElo "2212"]
[PlyCount "62"]
[EventDate "2019.05.25"]
[EventType "swiss"]
[EventRounds "7"]
[EventCountry "ESP"]
[SourceTitle "CBM 190 Extra"]
[Source "ChessBase"]
[SourceDate "2019.07.15"]
[SourceVersion "1"]
[SourceVersionDate "2019.07.15"]
[SourceQuality "1"]

1. c4 Nf6 2. Nc3 g6 3. g3 Bg7 4. Bg2 0-0 5. d3 d6 6. Rb1 a5 7. a3 e5 8. Nf3 Nc6 9. 0-0 Nd4 10. e3 Nxf3+ 11. Bxf3 h5 12. Bg2 h4 13. b4 hxg3 14. hxg3 axb4 15. axb4 Bg4 16. Qb3 Qc8 17. Bd2 Bh3 18. Ra1 Bxg2 19. Kxg2 Rxa1 20. Rxa1 e4 21. d4 c6 22. Ra7 Qf5 23. Qd1 d5 24. cxd5 cxd5 25. Rxb7 Rc8 26. Na4 Ng4 27. Be1 Qh5 28. Qd2 Qh2+ 29. Kf1 Qh1+ 30. Ke2 Qf3+ 31. Kf1 Rc2 0-1

[Event "La Roda op 45th"]
[Site "La Roda"]
[Date "2018.03.30"]
[Round "5"]
[White "Forcen Esteban, Daniel"]
[Black "Rodriguez Melendez, Juan Humbert"]
[Result "1-0"]
[WhiteElo "2564"]
[BlackElo "2165"]
[PlyCount "43"]
[EventDate "2018.03.28"]
[EventType "swiss"]
[EventRounds "9"]
[EventCountry "ESP"]
[SourceTitle "CBM 183 Extra"]
[Source "ChessBase"]
[SourceDate "2018.04.19"]
[SourceVersion "1"]
[SourceVersionDate "2018.04.19"]
[SourceQuality "1"]

1. c4 Nf6 2. Nc3 g6 3. e4 d6 4. d4 Bg7 5. h3 0-0 6. Be3 c5 7. d5 e6 8. Bd3 exd5 9. exd5 Na6 10. Nf3 Nc7 11. a4 b6 12. 0-0 a6 13. Qd2 Bd7 14. Bg5 Qc8 15. Qf4 Nce8 16. Rfe1 Nh5 17. Qh4 Bf5 18. Bxf5 Qxf5 19. g4 Qd3 20. Re3 Qxc4 21. gxh5 Qxh4 22. Bxh4 1-0